[Event "chess.com Speed 2020"]
[Site "chess.com INT"]
[Date "2020.12.03"]
[Round "2.22"]
[White "Aronian, Levon"]
[Black "Vachier-Lagrave, Maxime"]
[Result "1/2-1/2"]
[WhiteTitle "GM"]
[BlackTitle "GM"]
[WhiteElo "2781"]
[BlackElo "2784"]
[WhiteFideId "13300474"]
[BlackFideId "623539"]
[EventDate "2020.11.01"]

1. d4 Nf6 2. Nf3 g6 3. Nc3 d5 4. Bf4 Bg7 5. e3 O-O 6. Nb5 Na6 7. h3 c6 8. Nc3 b6
9. Bd3 Bb7 10. O-O c5 11. a4 Nb4 12. a5 c4 13. Be2 bxa5 14. Ne5 e6 15. Bf3 Nc6
16. Ra3 Nxe5 17. Bxe5 Ne4 18. Bxe4 Bxe5 19. Bxd5 Bxd5 20. dxe5 Rb8 21. Nxd5 Qxd5
22. Qxd5 exd5 23. Rxa5 Rxb2 24. Rc1 Rfb8 25. Rxa7 Rb1 26. Ra1 Rxc1+ 27. Rxc1 Re8
28. f4 f6 29. exf6 Rxe3 30. Rd1 Rc3 31. Rxd5 Rxc2 32. Rd7 c3 33. Rg7+ Kh8 34.
Rc7 Kg8 35. Kh2 h6 36. Kg3 Rd2 37. Rxc3 Rd6 38. f5 Rxf6 39. Rc5 gxf5 40. Kf4 Ra6
41. Kxf5 Kg7 42. Rc7+ Kg8 43. h4 Rb6 44. g4 Ra6 45. Re7 Ra5+ 46. Kf6 Ra4 47.
Re8+ Kh7 48. Kf5 Ra5+ 49. Re5 Ra7 50. Kf6 Ra6+ 51. Re6 Ra4 52. Re7+ Kg8 53. Rg7+
Kh8 54. Rg6 Kh7 55. Rg7+ Kh8 56. Rg6 Kh7 57. h5 Ra6+ 58. Kf7 Ra7+ 59. Ke8 Ra8+
60. Kf7 Ra7+ 61. Kf8 Ra8+ 62. Kf7 Ra7+ 1/2-1/2

[Event "chess.com Speed 2020"]
[Site "chess.com INT"]
[Date "2020.12.03"]
[Round "2.23"]
[White "Vachier-Lagrave, Maxime"]
[Black "Aronian, Levon"]
[Result "1-0"]
[WhiteTitle "GM"]
[BlackTitle "GM"]
[WhiteElo "2784"]
[BlackElo "2781"]
[WhiteFideId "623539"]
[BlackFideId "13300474"]
[EventDate "2020.11.01"]

1. e4 e5 2. Nf3 Nc6 3. Bc4 Bc5 4. O-O Nf6 5. d3 d6 6. c3 O-O 7. Re1 a5 8. Nbd2
Be6 9. Bb5 Qb8 10. Nf1 Qa7 11. Be3 Bxe3 12. Nxe3 a4 13. Bc4 Bxc4 14. Nxc4 b5 15.
Ne3 Rfe8 16. Qc2 b4 17. Rad1 Qb7 18. Nd5 Nxd5 19. exd5 b3 20. axb3 axb3 21. Qd2
Ne7 22. c4 Ra2 23. Qc3 Rb8 24. d4 f6 25. dxe5 dxe5 26. d6 cxd6 27. Rxd6 Kf7 28.
c5 Qb4 29. Nxe5+ fxe5 30. Qxe5 Ra7 31. Rd4 Qb5 32. Qe6+ Kf8 33. Rf4+ Ke8 34. c6
Kd8 35. Qd6+ 1-0

[Event "chess.com Speed 2020"]
[Site "chess.com INT"]
[Date "2020.12.03"]
[Round "2.24"]
[White "Aronian, Levon"]
[Black "Vachier-Lagrave, Maxime"]
[Result "0-1"]
[WhiteTitle "GM"]
[BlackTitle "GM"]
[WhiteElo "2781"]
[BlackElo "2784"]
[WhiteFideId "13300474"]
[BlackFideId "623539"]
[EventDate "2020.11.01"]

1. b3 Nf6 2. Bb2 g6 3. c4 Bg7 4. g3 O-O 5. Bg2 d6 6. d4 e5 7. e3 exd4 8. Qxd4
Nc6 9. Qd2 Bf5 10. Bxc6 bxc6 11. f3 Ne4 12. Qg2 Qg5 13. Bxg7 Qxe3+ 14. Qe2 Qc1+
15. Qd1 Qe3+ 16. Qe2 Qc1+ 17. Qd1 Qxd1+ 18. Kxd1 Kxg7 19. g4 Nf2+ 20. Ke2 Nxh1
21. gxf5 Rae8+ 22. Kf1 Re5 23. Nd2 Rfe8 24. fxg6 hxg6 25. Ne4 d5 26. cxd5 cxd5
27. Nc5 Rg5 28. Rd1 Re3 29. Nd3 c6 30. Nf4 Rc3 31. Nfh3 Re5 32. Rd2 Rc1+ 33. Kg2
Ree1 34. Kxh1 Red1 35. Rg2 c5 36. Nf2 Rd2 37. Ng4 Rxg2 38. Kxg2 Rc2+ 39. Kg3
Rxa2 40. Ne5 Rb2 41. Nd3 Rb1 0-1

[Event "chess.com Speed 2020"]
[Site "chess.com INT"]
[Date "2020.12.03"]
[Round "2.25"]
[White "Vachier-Lagrave, Maxime"]
[Black "Aronian, Levon"]
[Result "1/2-1/2"]
[WhiteTitle "GM"]
[BlackTitle "GM"]
[WhiteElo "2784"]
[BlackElo "2781"]
[WhiteFideId "623539"]
[BlackFideId "13300474"]
[EventDate "2020.11.01"]

1. e4 e5 2. Nf3 Nc6 3. Bc4 Bc5 4. c3 Nf6 5. d3 d6 6. O-O O-O 7. Re1 a5 8. Nbd2
Be6 9. Bb5 Qb8 10. Nf1 Qa7 11. Be3 Bxe3 12. Nxe3 a4 13. Qc2 Ne7 14. Bc4 Bxc4 15.
Nxc4 b5 16. Ne3 c5 17. Rad1 Rac8 18. g3 g6 19. Qd2 Kg7 20. d4 cxd4 21. cxd4 Nxe4
22. Qd3 Qb7 23. dxe5 dxe5 24. Nxe5 Nf6 25. N5g4 Nxg4 26. Nxg4 Nf5 27. Ne3 Nxe3
28. Rxe3 Rfe8 29. Qd4+ Kg8 30. Rxe8+ Rxe8 31. b3 axb3 32. axb3 Qf3 33. b4 Re4
34. Qa1 Re8 35. h4 h5 36. Re1 1/2-1/2

[Event "chess.com Speed 2020"]
[Site "chess.com INT"]
[Date "2020.12.03"]
[Round "2.26"]
[White "Aronian, Levon"]
[Black "Vachier-Lagrave, Maxime"]
[Result "1-0"]
[WhiteTitle "GM"]
[BlackTitle "GM"]
[WhiteElo "2781"]
[BlackElo "2784"]
[WhiteFideId "13300474"]
[BlackFideId "623539"]
[EventDate "2020.11.01"]

1. e4 c5 2. Nf3 d6 3. Bc4 Nf6 4. d3 e6 5. O-O Be7 6. Bb3 O-O 7. Re1 b6 8. Nbd2
Bb7 9. Nf1 Nc6 10. c3 Rc8 11. Ng3 Nd7 12. d4 Na5 13. Bc2 cxd4 14. cxd4 Re8 15.
b3 e5 16. d5 g6 17. Bd3 Ba8 18. Qe2 Nb7 19. b4 Rc7 20. Bb5 Rf8 21. Bh6 1-0

[Event "chess.com Speed 2020"]
[Site "chess.com INT"]
[Date "2020.12.03"]
[Round "2.27"]
[White "Vachier-Lagrave, Maxime"]
[Black "Aronian, Levon"]
[Result "1/2-1/2"]
[WhiteTitle "GM"]
[BlackTitle "GM"]
[WhiteElo "2784"]
[BlackElo "2781"]
[WhiteFideId "623539"]
[BlackFideId "13300474"]
[EventDate "2020.11.01"]

1. e4 e5 2. Nf3 Nc6 3. Bb5 Nf6 4. O-O Nxe4 5. Re1 Nd6 6. Nxe5 Be7 7. Bf1 Nxe5 8.
Rxe5 O-O 9. d4 Ne8 10. Nc3 Bf6 11. Re1 d5 12. Ne2 c6 13. c3 Bg4 14. Qb3 Qb6 15.
Nf4 Nc7 16. Qc2 g6 17. Bd3 Rfe8 18. Bd2 Ne6 19. h3 Nxf4 20. Bxf4 Bd7 21. Re3
Rxe3 22. fxe3 Re8 23. Rf1 Bg7 24. c4 dxc4 25. Bxc4 Be6 26. b3 Qd8 27. Rf3 Bd5
28. Bxd5 Qxd5 29. Qc4 Qd7 30. Bg3 Re6 31. Bf2 h5 32. Qd3 Qd5 33. Qc4 b5 34. Qc2
Bh6 35. Qc3 Bf8 36. Bg3 c5 37. Be5 c4 38. bxc4 bxc4 39. Rf2 Bg7 40. Bxg7 Kxg7
41. Rc2 g5 42. Qxc4 Qxc4 43. Rxc4 Rxe3 44. Ra4 Re7 45. Ra6 f6 46. d5 Rd7 47. Kf2
Rxd5 48. Rxa7+ Kg6 49. a4 1/2-1/2

[Event "chess.com Speed 2020"]
[Site "chess.com INT"]
[Date "2020.12.03"]
[Round "2.28"]
[White "Aronian, Levon"]
[Black "Vachier-Lagrave, Maxime"]
[Result "1-0"]
[WhiteTitle "GM"]
[BlackTitle "GM"]
[WhiteElo "2781"]
[BlackElo "2784"]
[WhiteFideId "13300474"]
[BlackFideId "623539"]
[EventDate "2020.11.01"]

1. e4 c5 2. Nf3 d6 3. Bc4 Nf6 4. d3 g6 5. O-O Bg7 6. h3 O-O 7. Nc3 Nc6 8. a3 b6
9. Ba2 Bb7 10. Re1 e6 11. Bf4 a6 12. Qd2 Re8 13. Bh6 Rc8 14. Bxg7 Kxg7 15. Rad1
b5 16. Ne2 Qc7 17. Ng3 Ne5 18. Nh2 Ned7 19. f4 Red8 20. c3 a5 21. Nf3 b4 22. Ng5
Nf8 23. Qf2 d5 24. e5 Ng8 25. d4 bxa3 26. bxa3 cxd4 27. cxd4 Qc2 28. Rd2 Qc3 29.
Bb1 Ne7 30. Rd3 Qc7 31. h4 h6 32. Nh3 Nf5 33. h5 Qe7 34. hxg6 fxg6 35. Rb3 Rc7
36. Rb6 Rdc8 37. Nxf5+ exf5 38. g4 fxg4 39. f5 gxf5 40. Nf4 Qg5 41. Bxf5 g3 42.
Qf3 Rc1 43. Rxb7+ Kh8 44. Bxc8 Rxe1+ 45. Kg2 Rc1 46. Bh3 Rc2+ 47. Kg1 Rc1+ 48.
Bf1 Qf5 49. Qxg3 Ne6 50. Rb8+ 1-0

[Event "chess.com Speed 2020"]
[Site "chess.com INT"]
[Date "2020.12.03"]
[Round "2.29"]
[White "Vachier-Lagrave, Maxime"]
[Black "Aronian, Levon"]
[Result "1/2-1/2"]
[WhiteTitle "GM"]
[BlackTitle "GM"]
[WhiteElo "2784"]
[BlackElo "2781"]
[WhiteFideId "623539"]
[BlackFideId "13300474"]
[EventDate "2020.11.01"]

1. e4 e5 2. Nf3 Nc6 3. Bc4 Bc5 4. c3 Nf6 5. d3 d6 6. O-O O-O 7. Re1 a5 8. Nbd2
Be6 9. Bb5 Qb8 10. Nf1 Qa7 11. Be3 Bxe3 12. Nxe3 a4 13. Qc2 Ne7 14. Bc4 Bxc4 15.
dxc4 Qa6 16. c5 Ng6 17. cxd6 Qxd6 18. Rad1 Qe6 19. Nd5 Nxd5 20. exd5 Qd6 21. Ng5
Qe7 22. Ne4 Rfd8 23. c4 b6 24. Ng3 f6 25. Nf5 Qf8 26. Qe4 Ne7 27. Ne3 Nc8 28. g3
Nd6 29. Qc2 f5 30. c5 bxc5 31. Qxc5 Qf7 32. Nc4 Nxc4 33. Qxc4 e4 34. Rd4 h5 35.
h4 Rd6 36. Rc1 Rad8 37. Qxa4 Rxd5 38. Rxd5 Rxd5 39. Qb3 c5 40. Qe3 c4 41. a4 Kh7
42. Qe2 Rd3 43. Rxc4 Qxc4 44. Qxh5+ Kg8 45. Qe8+ Kh7 46. Qh5+ Kg8 47. Qe8+ Kh7
48. Qh5+ 1/2-1/2

[Event "chess.com Speed 2020"]
[Site "chess.com INT"]
[Date "2020.12.03"]
[Round "2.210"]
[White "Aronian, Levon"]
[Black "Vachier-Lagrave, Maxime"]
[Result "1-0"]
[WhiteTitle "GM"]
[BlackTitle "GM"]
[WhiteElo "2781"]
[BlackElo "2784"]
[WhiteFideId "13300474"]
[BlackFideId "623539"]
[EventDate "2020.11.01"]

1. e4 c5 2. Nf3 d6 3. c3 Nf6 4. h3 Bd7 5. d3 Bc6 6. Be2 g6 7. O-O Bg7 8. Be3 O-O
9. Nbd2 Nbd7 10. Qb1 e5 11. d4 exd4 12. cxd4 cxd4 13. Nxd4 Re8 14. Nxc6 bxc6 15.
Qc2 d5 16. Qxc6 dxe4 17. Nc4 Rc8 18. Qd6 Bf8 19. Qd2 Nc5 20. Rfd1 Qxd2 21. Rxd2
Rc7 22. Rad1 Ne6 23. Nd6 Rb8 24. b3 a5 25. Bc4 a4 26. bxa4 Bxd6 27. Bxe6 Be5 28.
Bb3 Kg7 29. a5 Ra8 30. Bb6 Rc3 31. Kf1 Bc7 32. Bd4 Bxa5 33. Bxc3 Bxc3 34. Rd8
Ra7 35. Rc8 Ba5 36. Ke2 Re7 37. Rc6 e3 38. fxe3 Ne4 39. Rd3 h5 40. Bd5 Ng3+ 41.
Kd1 Nf5 42. e4 Nh4 43. Rc2 g5 44. a4 Ng6 45. Rc5 Bb6 46. Rb5 1-0

[Event "chess.com Speed 2020"]
[Site "chess.com INT"]
[Date "2020.12.03"]
[Round "2.31"]
[White "Vachier-Lagrave, Maxime"]
[Black "Aronian, Levon"]
[Result "1-0"]
[WhiteTitle "GM"]
[BlackTitle "GM"]
[WhiteElo "2784"]
[BlackElo "2781"]
[WhiteFideId "623539"]
[BlackFideId "13300474"]
[EventDate "2020.11.01"]

1. e4 e5 2. Nf3 Nc6 3. Bc4 Bc5 4. c3 Nf6 5. d3 d6 6. O-O O-O 7. Re1 a5 8. Nbd2
Be6 9. Bb5 Qb8 10. Nf1 Qa7 11. Be3 Bxe3 12. Nxe3 a4 13. Qc2 Ne7 14. Bc4 Bxc4 15.
dxc4 Qa6 16. c5 Ng6 17. cxd6 Qxd6 18. Rad1 Qe6 19. Nd5 Rfc8 20. g3 h6 21. Re3
Ra6 22. c4 c6 23. Nxf6+ Qxf6 24. c5 Rd8 25. Rxd8+ Qxd8 26. Rd3 Qe7 27. Rd6 Nf8
28. Qc3 Nd7 29. Nh4 g6 30. Qe3 Kh7 31. Nf5 gxf5 32. Qxh6+ Kg8 33. exf5 f6 34.
Qg6+ Kf8 35. Qh6+ Kg8 36. Qd2 Nf8 37. g4 Ra8 38. h4 Qg7 39. g5 fxg5 40. hxg5 Qf7
41. Qd3 Re8 42. g6 Qg7 43. Qc4+ Kh8 44. Rd3 Qh6 45. Kg2 e4 46. Rh3 1-0

[Event "chess.com Speed 2020"]
[Site "chess.com INT"]
[Date "2020.12.03"]
[Round "2.32"]
[White "Aronian, Levon"]
[Black "Vachier-Lagrave, Maxime"]
[Result "0-1"]
[WhiteTitle "GM"]
[BlackTitle "GM"]
[WhiteElo "2781"]
[BlackElo "2784"]
[WhiteFideId "13300474"]
[BlackFideId "623539"]
[EventDate "2020.11.01"]

1. e4 c5 2. Nf3 d6 3. c3 Nf6 4. h3 Bd7 5. d3 Bc6 6. Be3 g6 7. Nbd2 Bg7 8. Qb1 e5
9. d4 exd4 10. cxd4 cxd4 11. Nxd4 O-O 12. Bd3 Re8 13. O-O d5 14. Re1 dxe4 15.
Nxc6 Qxd3 16. Qxd3 exd3 17. Nb4 Nc6 18. Nxd3 Rad8 19. Nc5 b6 20. Ncb3 Nd5 21.
Rac1 Ncb4 22. Bd4 Rxe1+ 23. Rxe1 Nc2 24. Re4 Nxd4 25. Nxd4 Nf6 26. Rg4 Nxg4 0-1

[Event "chess.com Speed 2020"]
[Site "chess.com INT"]
[Date "2020.12.03"]
[Round "2.33"]
[White "Vachier-Lagrave, Maxime"]
[Black "Aronian, Levon"]
[Result "0-1"]
[WhiteTitle "GM"]
[BlackTitle "GM"]
[WhiteElo "2784"]
[BlackElo "2781"]
[WhiteFideId "623539"]
[BlackFideId "13300474"]
[EventDate "2020.11.01"]

1. e4 e5 2. Nf3 Nc6 3. Bc4 Nf6 4. d3 Bc5 5. O-O d6 6. c3 O-O 7. Re1 a5 8. Nbd2
Be6 9. Bb5 Qb8 10. Nf1 Qa7 11. Be3 Bxe3 12. Nxe3 a4 13. Qc2 Ne7 14. Bc4 Bxc4 15.
dxc4 Qc5 16. b4 axb3 17. axb3 Qc6 18. Nd2 g6 19. g3 Kg7 20. Qd3 h5 21. h4 Ra6
22. b4 Rfa8 23. Nc2 Rxa1 24. Rxa1 Rxa1+ 25. Nxa1 Qa4 26. Nc2 b6 27. Ne3 Ng4 28.
Nxg4 Qd1+ 29. Nf1 Qxd3 0-1

[Event "chess.com Speed 2020"]
[Site "chess.com INT"]
[Date "2020.12.03"]
[Round "2.34"]
[White "Aronian, Levon"]
[Black "Vachier-Lagrave, Maxime"]
[Result "0-1"]
[WhiteTitle "GM"]
[BlackTitle "GM"]
[WhiteElo "2781"]
[BlackElo "2784"]
[WhiteFideId "13300474"]
[BlackFideId "623539"]
[EventDate "2020.11.01"]

1. e4 c5 2. Nf3 d6 3. Bc4 Nf6 4. d3 e6 5. O-O Be7 6. Bb3 O-O 7. Re1 b5 8. Nc3 a6
9. Ne2 Bb7 10. Ng3 Nc6 11. c3 Re8 12. d4 Bf8 13. Bg5 h6 14. Bxf6 Qxf6 15. d5
exd5 16. Bxd5 Rad8 17. a4 b4 18. cxb4 cxb4 19. Rc1 Na5 20. Bxb7 Nxb7 21. Qd4
Qxd4 22. Nxd4 Nc5 23. Red1 Nxa4 24. Ra1 Nxb2 25. Rdb1 Nd3 26. Nc6 Rc8 27. Nxb4
Nxb4 28. Rxb4 d5 29. Rba4 dxe4 30. Nxe4 Rc2 31. g4 Re6 32. Rd4 Be7 33. Raa4 g6
34. Kg2 Kg7 35. Kf3 Rb2 36. Rd5 Rb3+ 37. Kg2 Rb4 38. Rxb4 Bxb4 39. Nc5 Rc6 40.
Nd3 Bd6 41. Ne5 Bxe5 42. Rxe5 Kf6 43. Ra5 Ke6 44. h4 Kd7 45. h5 gxh5 46. Rxh5
Rf6 47. Ra5 Kc7 48. Ra1 Kb6 49. Rb1+ Kc5 50. Ra1 Kb5 51. Rb1+ Kc4 52. Ra1 Kb4
53. Rb1+ Kc3 54. Ra1 Kb2 55. Ra5 Kb3 56. Ra1 Kb4 57. Rb1+ Kc5 58. Ra1 Kb6 59.
Rb1+ Ka7 60. Ra1 Rf4 61. Kg3 Rb4 62. f3 Rb5 63. Rh1 Rb6 64. Ra1 Kb7 65. Kf4 Rf6+
66. Ke4 Re6+ 67. Kf5 Rb6 68. f4 Kc7 69. Ke5 Kd7 70. Kf5 Ke7 71. Ke5 Rb5+ 72. Ke4
a5 73. Kf3 Kd6 74. Rd1+ Kc5 75. Rd7 a4 76. Rxf7 Ra5 77. Rh7 a3 78. Rxh6 a2 79.
Rh1 a1=Q 80. Rxa1 Rxa1 81. Ke4 Kd6 82. Kf5 Ke7 83. Kg6 Kf8 0-1

[Event "chess.com Speed 2020"]
[Site "chess.com INT"]
[Date "2020.12.03"]
[Round "2.35"]
[White "Vachier-Lagrave, Maxime"]
[Black "Aronian, Levon"]
[Result "1/2-1/2"]
[WhiteTitle "GM"]
[BlackTitle "GM"]
[WhiteElo "2784"]
[BlackElo "2781"]
[WhiteFideId "623539"]
[BlackFideId "13300474"]
[EventDate "2020.11.01"]

1. e4 e5 2. Nf3 Nc6 3. Bb5 Nf6 4. O-O Nxe4 5. Re1 Nd6 6. Nxe5 Be7 7. Bf1 Nxe5 8.
Rxe5 O-O 9. Nc3 Ne8 10. Nd5 Bd6 11. Re1 c6 12. Ne3 Bc7 13. Nf5 d5 14. Ne7+ Kh8
15. Nxc8 Rxc8 16. d3 f5 17. Qf3 Nf6 18. Bf4 Bxf4 19. Qxf4 g6 20. a4 Qc7 21. Qh4
Kg7 22. Re6 Rce8 23. Rae1 Qf7 24. Rxe8 Rxe8 25. Rxe8 Qxe8 26. Qb4 Qd7 27. a5 a6
28. Be2 Kf7 29. Kf1 Qe7 30. Qb6 Ne8 31. g3 Nd6 32. Bf3 Ke6 33. c4 dxc4 34. dxc4
Kf6 35. b3 Ne4 36. Qd4+ Qe5 37. Qd8+ Kf7 38. Qd7+ Kf6 39. Kg2 Ng5 40. Qd8+ Qe7
41. Qh8+ Qg7 42. Qd8+ Qe7 43. Qh8+ Qg7 44. Qd8+ Qe7 1/2-1/2

[Event "chess.com Speed 2020"]
[Site "chess.com INT"]
[Date "2020.12.03"]
[Round "2.36"]
[White "Aronian, Levon"]
[Black "Vachier-Lagrave, Maxime"]
[Result "1-0"]
[WhiteTitle "GM"]
[BlackTitle "GM"]
[WhiteElo "2781"]
[BlackElo "2784"]
[WhiteFideId "13300474"]
[BlackFideId "623539"]
[EventDate "2020.11.01"]

1. e4 c5 2. Nf3 d6 3. Bc4 Nf6 4. d3 e6 5. O-O Be7 6. Bb3 O-O 7. Re1 b5 8. Nc3 a6
9. Ne2 Bb7 10. Ng3 Nbd7 11. c3 Re8 12. h3 Bf8 13. Bf4 Rc8 14. Qd2 e5 15. Bg5 h6
16. Bxf6 Nxf6 17. Rad1 g6 18. h4 h5 19. Qg5 c4 20. dxc4 bxc4 21. Ba4 Re6 22. Qe3
Ng4 23. Qe2 Be7 24. Nf1 Rc7 25. g3 Bf8 26. N1d2 Qc8 27. Ng5 Ree7 28. b3 cxb3 29.
Bxb3 Rxc3 30. Nc4 Rc7 31. Nxd6 Bxd6 32. Rxd6 Kg7 33. Qd2 R3c6 34. Rd8 Rc2 35.
Bxc2 Rxc2 36. Rxc8 Rxd2 37. Rc7 1-0

[Event "chess.com Speed 2020"]
[Site "chess.com INT"]
[Date "2020.12.03"]
[Round "2.37"]
[White "Vachier-Lagrave, Maxime"]
[Black "Aronian, Levon"]
[Result "1-0"]
[WhiteTitle "GM"]
[BlackTitle "GM"]
[WhiteElo "2784"]
[BlackElo "2781"]
[WhiteFideId "623539"]
[BlackFideId "13300474"]
[EventDate "2020.11.01"]

1. e4 e5 2. Nf3 Nc6 3. Bc4 Bc5 4. O-O Nf6 5. d3 d6 6. c3 O-O 7. Re1 a5 8. Nbd2
Be6 9. Bb5 Qb8 10. Nf1 Qa7 11. Be3 Bxe3 12. Nxe3 a4 13. Qc2 Ne7 14. Bc4 Bxc4 15.
Nxc4 b5 16. Ne3 c5 17. Rad1 Rac8 18. g3 Rfd8 19. Qe2 Ng6 20. h3 Qd7 21. Kh2 Qe6
22. a3 h6 23. Kg2 d5 24. exd5 Nxd5 25. Nxd5 Qxd5 26. Kg1 f6 27. d4 exd4 28. cxd4
c4 29. Nh2 c3 30. bxc3 Rxc3 31. Ng4 Rxa3 32. Qc2 Nf8 33. Re7 Rd7 34. Re8 Rd8 35.
Nxf6+ Kf7 36. Nxd5 1-0

[Event "chess.com Speed 2020"]
[Site "chess.com INT"]
[Date "2020.12.03"]
[Round "2.38"]
[White "Aronian, Levon"]
[Black "Vachier-Lagrave, Maxime"]
[Result "0-1"]
[WhiteTitle "GM"]
[BlackTitle "GM"]
[WhiteElo "2781"]
[BlackElo "2784"]
[WhiteFideId "13300474"]
[BlackFideId "623539"]
[EventDate "2020.11.01"]

1. e4 c5 2. Nf3 d6 3. Bc4 Nf6 4. d3 e6 5. O-O Be7 6. Re1 O-O 7. c3 d5 8. Bb3 c4
9. dxc4 dxe4 10. Qxd8 Rxd8 11. Nfd2 Na6 12. Nxe4 Nxe4 13. Rxe4 Nc5 14. Re1 Nd3
15. Rf1 b6 16. Bc2 Nxc1 17. Rxc1 Bb7 18. Kf1 Rac8 19. b3 Bf6 20. a4 a5 21. Ra2
Rc5 22. Rd1 Rxd1+ 23. Bxd1 Be4 24. Bc2 Bb7 25. Bd3 Rc8 26. f3 Kf8 27. Rc2 Bc6
28. Be4 Be8 29. Nd2 Ke7 30. f4 h6 31. Nf3 g5 32. g3 Rd8 33. Ke2 gxf4 34. gxf4
Bd7 35. Ne5 Rg8 36. Rd2 Bxe5 37. fxe5 Rg5 38. Kf3 Rxe5 39. h4 Rc5 40. Kg3 Rc8
41. Bf3 Rg8+ 42. Kf4 f6 43. Ke3 Rg3 44. Kf4 Rh3 45. Bb7 e5+ 46. Ke4 Rxh4+ 47.
Kd5 Rh3 48. b4 Rxc3 49. bxa5 bxa5 50. c5 Bxa4 51. Rg2 Bb3+ 52. Kc6 a4 53. Rg7+
Bf7 54. Kb6 Kf8 55. Rg1 a3 56. c6 a2 57. c7 Be6 58. Bc6 Ke7 59. Bb5 e4 0-1

[Event "chess.com Speed 2020"]
[Site "chess.com INT"]
[Date "2020.12.03"]
[Round "2.39"]
[White "Vachier-Lagrave, Maxime"]
[Black "Aronian, Levon"]
[Result "0-1"]
[WhiteTitle "GM"]
[BlackTitle "GM"]
[WhiteElo "2784"]
[BlackElo "2781"]
[WhiteFideId "623539"]
[BlackFideId "13300474"]
[EventDate "2020.11.01"]

1. d4 Nf6 2. Bg5 d5 3. e3 c5 4. c3 Qb6 5. Qb3 Nc6 6. Nd2 c4 7. Qc2 g6 8. Bxf6
exf6 9. Ne2 Bf5 10. Qc1 Bd6 11. Ng3 Be6 12. b3 cxb3 13. axb3 h5 14. Bd3 h4 15.
Ne2 g5 16. h3 Rc8 17. Qb1 a6 18. Bf5 Ne7 19. Bxe6 fxe6 20. O-O f5 21. c4 Bb4 22.
Nf3 dxc4 23. bxc4 Rxc4 24. Nxg5 Rg8 25. Nf3 Qc6 26. Kh1 Bd6 27. d5 Nxd5 28. Ned4
Qd7 29. Nxh4 Rb4 30. Qa2 Nc3 31. Qc2 Ne4 32. Nhf3 Qc7 33. Qxc7 Bxc7 34. Nxe6 Bb6
35. Nf4 Rb2 36. Nd3 Rb3 37. Nfe5 Bc7 38. Kg1 Bxe5 39. Nxe5 Rb5 40. Nf3 Kd7 41.
Nd4 Rd5 42. Rfb1 Kc8 43. f3 Nd2 44. Rb2 Nc4 45. Rc2 Rc5 46. Nxf5 Rxf5 47. Rxc4+
Kb8 48. f4 Ka7 49. Rb1 b5 50. Rcb4 Kb6 51. R4b3 a5 52. Kf2 a4 53. Rd3 Ka5 54. g4
Rc5 55. f5 b4 56. Rd7 b3 57. Ra7+ Kb4 58. Rb7+ Rb5 59. Rxb5+ Kxb5 60. f6 Kb4 61.
h4 a3 62. g5 a2 63. Ra1 b2 64. Rxa2 b1=Q 65. Rd2 Qf5+ 66. Kg3 Qxf6 67. Rd4+ Kc5
68. Rf4 Qe5 69. Kg4 Kd5 70. Rf5 Ke4 71. Rxe5+ Kxe5 72. h5 Ke6 73. e4 Kf7 74. Kf5
Ra8 75. h6 Ra6 76. e5 Rb6 77. h7 Kg7 78. g6 Rb8 79. e6 Re8 80. Ke5 Kxg6 81. Kd6
Kf6 82. e7 Kf7 0-1

[Event "chess.com Speed 2020"]
[Site "chess.com INT"]
[Date "2020.12.03"]
[Round "2.11"]
[White "Carlsen, Magnus"]
[Black "Artemiev, Vladislav"]
[Result "0-1"]
[WhiteTitle "GM"]
[BlackTitle "GM"]
[WhiteElo "2862"]
[BlackElo "2708"]
[WhiteFideId "1503014"]
[BlackFideId "24101605"]
[EventDate "2020.11.01"]

1. e4 c6 2. d4 d5 3. Nd2 Qc7 4. Bd3 dxe4 5. Nxe4 Bf5 6. Nf3 Nd7 7. c3 e6 8. Nh4
Bxe4 9. Bxe4 Ngf6 10. Bc2 c5 11. Nf3 cxd4 12. Qxd4 Bc5 13. Qf4 Bd6 14. Qh4 O-O-O
15. Bd2 h6 16. O-O-O g5 17. Qa4 Bc5 18. h4 g4 19. Nd4 a6 20. Kb1 Nb6 21. Qb3 Kb8
22. Bc1 Nfd7 23. h5 Bd6 24. Nxe6 fxe6 25. Qxe6 Bf4 26. Qxg4 Bxc1 27. Kxc1 Ne5
28. Qg3 Rdg8 29. Qh3 Nec4 30. Kb1 Qf4 31. Qh2 Qxh2 32. Rxh2 Rf8 33. f3 Rhg8 34.
Bg6 Ne5 35. Be4 Kc7 36. b3 Nbd7 37. Rd2 Rg3 38. Rh1 Nf6 39. Bc2 Rfg8 40. Re1
Ned7 41. Re7 Rxg2 42. Rxg2 Rxg2 43. Bf5 Rg5 44. Bg4 Nxg4 45. fxg4 Rxg4 46. Rh7
Rg2 47. Rxh6 Rh2 48. Rh7 Kc6 49. Rh6+ Kc7 50. Rh7 b6 51. h6 Kd6 52. Rh8 Nf6 53.
Rb8 Kc7 54. Ra8 a5 55. Ra7+ Kc6 56. Re7 Nd5 57. Re6+ Kd7 58. Rg6 Nxc3+ 59. Kc1
Nxa2+ 60. Kd1 Nc3+ 61. Ke1 b5 62. Ra6 Kc7 63. Rxa5 Rxh6 64. Kd2 Kb6 65. Ra8 Nd5
66. Kc2 Rh2+ 67. Kd3 Kc5 68. Rd8 Rh3+ 69. Kc2 Nb4+ 70. Kb2 Nc6 71. Rc8 Rh2+ 72.
Kb1 Rf2 73. Rc7 Rf6 74. Kb2 Kb4 75. Rc8 Rf2+ 0-1

[Event "chess.com Speed 2020"]
[Site "chess.com INT"]
[Date "2020.12.03"]
[Round "2.12"]
[White "Artemiev, Vladislav"]
[Black "Carlsen, Magnus"]
[Result "0-1"]
[WhiteTitle "GM"]
[BlackTitle "GM"]
[WhiteElo "2708"]
[BlackElo "2862"]
[WhiteFideId "24101605"]
[BlackFideId "1503014"]
[EventDate "2020.11.01"]

1. d4 Nf6 2. c4 g6 3. g3 c6 4. Bg2 d5 5. Nd2 Bg7 6. Ngf3 O-O 7. O-O a5 8. b3 a4
9. Ba3 Re8 10. e3 Bf5 11. Qe2 Ne4 12. Rfc1 Nxd2 13. Qxd2 Be4 14. Qb4 axb3 15.
axb3 Qc8 16. Bb2 Rxa1 17. Rxa1 c5 18. Qb5 dxc4 19. bxc4 Qc6 20. Ra8 Rf8 21. Ne1
Bxg2 22. Nxg2 cxd4 23. Bxd4 Bxd4 24. exd4 Qxb5 25. cxb5 Nd7 26. Ra7 Rb8 27. Nf4
Nb6 28. Nd3 Nc8 29. Ra5 b6 30. Ra4 Nd6 31. Rb4 Rc8 32. Ne5 Rc1+ 33. Kg2 f6 34.
Nd7 Nc8 35. Ra4 Rc7 36. Nb8 Nd6 37. Ra8 Rc8 38. Kf3 Nxb5 39. Ke3 Nd6 40. d5 Kf7
41. Kd4 b5 0-1

[Event "chess.com Speed 2020"]
[Site "chess.com INT"]
[Date "2020.12.03"]
[Round "2.13"]
[White "Carlsen, Magnus"]
[Black "Artemiev, Vladislav"]
[Result "1/2-1/2"]
[WhiteTitle "GM"]
[BlackTitle "GM"]
[WhiteElo "2862"]
[BlackElo "2708"]
[WhiteFideId "1503014"]
[BlackFideId "24101605"]
[EventDate "2020.11.01"]

1. e4 c6 2. d4 d5 3. Nc3 dxe4 4. Nxe4 Bf5 5. Ng3 Bg6 6. Nh3 Nf6 7. Nf4 e5 8.
dxe5 Qa5+ 9. c3 Qxe5+ 10. Qe2 Nbd7 11. Nxg6 hxg6 12. Bf4 Qxe2+ 13. Bxe2 Nd5 14.
Bd2 O-O-O 15. O-O-O f5 16. Bg5 Be7 17. Bxe7 Nxe7 18. Bc4 Ne5 19. Rxd8+ Kxd8 20.
Be2 Nd5 21. h3 Ke7 22. Rd1 f4 23. Ne4 f3 24. Bxf3 Nxf3 25. gxf3 Rxh3 26. Re1 Kd7
27. Nc5+ Kc7 28. Ne6+ Kd6 29. Ng5 Rh2 30. Ne4+ Kc7 31. Rg1 Rh6 32. Kd2 b6 33. c4
Ne7 34. Ke3 Rh5 35. b4 a5 36. a3 axb4 37. axb4 b5 38. Kd4 bxc4 39. Kxc4 Rf5 40.
Ra1 Nc8 41. Rg1 Ne7 42. Ra1 Kb6 43. Nc5 Rf4+ 44. Kb3 Rxf3+ 45. Kc4 Rf4+ 46. Kb3
Rf3+ 47. Kc4 Nc8 48. Ra6+ Kc7 49. Ne6+ Kb7 50. Nc5+ Kc7 51. Ne6+ Kb7 52. Nc5+
Kc7 1/2-1/2